000
00280nam a2200121Ia 4500
005
20251028132343.0
008
251020t2013||||xx |||||||||||||| ||spa||
041
_a
spa
100
_a
Muñoz Conde, Francisco
245
0
_a
Teoría general del delito
260
_c
2013
942
_C
LB
_c
LB
999
_c
868
_d
868